| 000 | 01573nas a2200277 i 4500 | ||
|---|---|---|---|
| 001 | C00050867c | ||
| 005 | 20241114090500.0 | ||
| 008 | 041104d19221946sp q r 0 a spa d | ||
| 080 | _a908(460.182)(05) | ||
| 080 | _a7(460.182)(05) | ||
| 130 | 0 |
_aBoletín de la Comisión Provincial de Monumentos Históricos y Artísticos de Burgos. _934035 |
|
| 245 | 1 | 0 | _aBoletín de la Comisión Provincial de Monumentos Históricos y Artísticos de Burgos. |
| 260 |
_aBurgos : _b[s.n.], _c[1922]-1946. |
||
| 300 |
_a79 v. ; _c24 cm. |
||
| 310 | _aTrimestal | ||
| 362 | 0 | _aN.1 (1922)-n.94 (1946) | |
| 500 | _aComprende: 1922(1923-1925)1926-1928(1929-1930)1931-1934(1935-1936)1937(1938)1939-1945(1946) | ||
| 500 | _aContiene: (1922), n.1; (1923), n.2-3; (1924), n.6-7; (1925), n.11-13; (1926), n.14-17; (1927), n.18-21; (1928), n.22-25; (1929), n.26-28; (1930), n.33; (1931), n.34-37; (1932), n.38-41; (1933), n.42-45; (1934), n.46-49; (1935), n.50,52-53; (1936), n.54,56/57; (1937), n.58-61; (1938), n.62-63; (1939), n.66-69; (1940), n.70-73; (1941), n.74-77; (1942), n.78-81; (1943), n.82-84/85; (1944), n.86-88/89; (1945), n.90-93; (1946), n.94. | ||
| 580 | _aContinuada por: Boletín de la Institución Fernán González y de la Comisión Provincial de Monumentos Históricos y Artísticos de Burgos. | ||
| 590 | _arevistas_001 | ||
| 651 |
_aBurgos (España)- _xHistoria- _vPublicaciones periódicas. _995720 |
||
| 710 | 2 |
_aComisión Provincial de Monumentos Históricos y Artísticos de Burgos. _934034 |
|
| 852 | 4 | _jRev-2014 | |
| 999 |
_c49518 _d49518 |
||